Complete the Card - AEW Double or Nothing 2019 - Statistics

General Stats
  • This quiz has been taken 552 times
  • The average score is 19 of 31
Answer Stats
Answer % Correct
Chris Jericho
97%
Kenny Omega
94%
Matt Jackson
93%
Nick Jackson
93%
Adam Page
91%
Cody
88%
Pentagon Jr.
87%
Fenix
86%
Dr. Britt Baker, D.M.D.
81%
Dustin Rhodes
81%
Riho
77%
Nyla Rose
73%
Scorpio Sky
73%
Christopher Daniels
72%
Frankie Kazarian
72%
Hikaru Shida
67%
Sammy Guevara
54%
Awesome Kong
51%
Chuck Taylor
49%
Trent Beretta
49%
Aja Kong
47%
Kip Sabian
42%
Emi Sakura
40%
CIMA
34%
Kylie Rae
34%
Angelico
32%
Jack Evans
31%
T-Hawk
30%
Yuka Sakazaki
29%
El Lindaman
28%
Ryo Mizunami
19%
No matching quizzes found
Score Distribution
Percent of People with Each Score
Percentile by Number Answered
Your Score History
You have not taken this quiz